| 000 | 01053nam a2200349Ia 4500 | ||
|---|---|---|---|
| 001 | Para_6679 | ||
| 003 | CHAP | ||
| 008 | 220125s9999 xx 000 0 und d | ||
| 010 | _a205526 | ||
| 040 | _cCHAP | ||
| 090 | _aPA FOLLETO 669 | ||
| 110 |
_aPFIZER. División Agrícola _9164086 |
||
| 245 |
_aAgri-mycin 500 : _b polvo humectable / _c por PFIZER. División Agrícola |
||
| 260 |
_aMéxico : _b PFIZER |
||
| 300 | _ap.v. | ||
| 500 | _aEncuadernado con impresos similares | ||
| 650 |
_aAcigo giberelico _x efecto en plantas _9171568 |
||
| 650 |
_aBactericidas _99329 |
||
| 650 |
_aCobalto _x efecto en plantas _924156 |
||
| 650 |
_aFungicidas _944044 |
||
| 650 |
_aHierro _x efecto en plantas _955297 |
||
| 650 |
_aInsecticidas _958855 |
||
| 650 |
_aMagneso _x efecto en plantas _9171569 |
||
| 650 |
_aSuelos _x molibdeno en _9110444 |
||
| 901 | _aPA FOLLETO 669 | ||
| 902 | _aA | ||
| 905 | _a000000 0000000000 00 | ||
| 910 | _a | ||
| 942 | _cPARA | ||
| 942 |
_cPARA _d1 |
||
| 999 |
_c205526 _d205526 |
||